|
|
|
|
| LEADER |
00000nam0a2200000 4500 |
| 001 |
274287 |
| 005 |
20231101234719.0 |
| 020 |
|
|
|a RU
|b 85-99679
|
| 035 |
|
|
|a (RuTPU)RU\TPU\book\297497
|
| 090 |
|
|
|a 274287
|
| 100 |
|
|
|a 20141101d1985 km y0rusy5003 ca
|
| 101 |
0 |
|
|a rus
|
| 102 |
|
|
|a RU
|
| 105 |
|
|
|a a z 000zy
|
| 200 |
1 |
|
|a Освободительная миссия Советской Армии и спасение узников нацизма
|e пресс-конференция Антисионистского комитета советской общественности, 9 апреля 1985
|
| 210 |
|
|
|a Москва
|c Изд-во агентства печати "Новости"
|d 1985
|
| 215 |
|
|
|a 32 с.
|c 8 л. ил.
|
| 606 |
1 |
|
|a Антисионистский комитет советской общественности
|2 stltpush
|3 (RuTPU)RU\TPU\subj\29229
|9 52610
|
| 610 |
1 |
|
|a Советская Армия
|
| 610 |
1 |
|
|a концентрационные лагеря
|
| 610 |
1 |
|
|a евреи
|
| 610 |
1 |
|
|a германский фашизм
|
| 610 |
1 |
|
|a Великая Отечественная война 1941-1945
|
| 610 |
1 |
|
|a Вторая мировая война 1939-1945
|
| 610 |
1 |
|
|a сионизм
|
| 610 |
1 |
|
|a история
|
| 610 |
1 |
|
|a освободительная миссия
|
| 610 |
1 |
|
|a конференции
|
| 686 |
|
|
|a Ф7
|v LBC/SL-A
|2 rubbk
|
| 801 |
|
0 |
|a RU
|b RuMRKP
|c 19950704
|g psbo
|
| 801 |
|
1 |
|a RU
|b 63413507
|c 20141101
|
| 801 |
|
2 |
|a RU
|b 63413507
|c 20191118
|g RCR
|
| 942 |
|
|
|c BK
|